International who's who 2000 / (Record no. 346914)
[ view plain ]
| 000 -LEADER | |
|---|---|
| fixed length control field | 01165 a2200181 4500 |
| 020 ## - INTERNATIONAL STANDARD BOOK NUMBER | |
| International Standard Book Number | 1857430506 (hardcover) |
| 020 ## - INTERNATIONAL STANDARD BOOK NUMBER | |
| International Standard Book Number | 9781857430509 (hardcover) |
| 082 04 - DEWEY DECIMAL CLASSIFICATION NUMBER | |
| Classification number | 031 |
| 090 ## - LOCALLY ASSIGNED LC-TYPE CALL NUMBER (OCLC); LOCAL CALL NUMBER (RLIN) | |
| -- | 4471 |
| -- | 4471 |
| 100 1# - MAIN ENTRY--PERSONAL NAME | |
| Personal name | Ed, 63rd |
| 245 10 - TITLE STATEMENT | |
| Title | International who's who 2000 / |
| Statement of responsibility, etc. | 63rd Ed. |
| 250 ## - EDITION STATEMENT | |
| Edition statement | 63rd ed. |
| 260 ## - PUBLICATION, DISTRIBUTION, ETC. | |
| Place of publication, distribution, etc. | [S.l.] : |
| Name of publisher, distributor, etc. | Routledge, |
| Date of publication, distribution, etc. | 1999. |
| 300 ## - PHYSICAL DESCRIPTION | |
| Extent | 1700 p. ; |
| Dimensions | 29 cm. |
| 520 ## - SUMMARY, ETC. | |
| Summary, etc. | The coverage of this 63rd edition spans a wide range of occupations, from heads of state and major political figures to art and entertainment, education and law. It acknowledges merit and achievement on a global scale. There are nearly 20,000 entries, including almost 1000 completely new biographies; where possible, information is provided by the subjects themselves. There is a special section detailing the lives of 100 people from past editions who have helped shape the 20th century. There is also a separate section for the reigning royal families, together with an obituary list of people who have died since appearing in the last edition. |
| 856 40 - ELECTRONIC LOCATION AND ACCESS | |
| Materials specified | Amazon.com |
| Uniform Resource Identifier | <a href="http://www.amazon.com/exec/obidos/ASIN/1857430506/chopaconline-20">http://www.amazon.com/exec/obidos/ASIN/1857430506/chopaconline-20</a> |
| 942 ## - ADDED ENTRY ELEMENTS (KOHA) | |
| Institution code [OBSOLETE] | NBS |
| Koha item type | Book |
| Call number prefix | 920.01 EUR |
| Withdrawn status | Lost status | Damaged status | Not for loan | Permanent Location | Current Location | Date acquired | Full call number | Barcode | Date last seen | Price effective from | Koha item type |
|---|---|---|---|---|---|---|---|---|---|---|---|
| Central Library (CL) | Central Library (CL) | 08/28/2013 | 920.01 EUR | NBS1516 | 08/28/2013 | 08/28/2013 | Reference |
